| 000 | 00893cam a22002655a 4500 | ||
|---|---|---|---|
| 001 | 2125789 | ||
| 005 | 20180109141403.0 | ||
| 008 | 970722s1998 nyua bf 001 0 eng d | ||
| 020 | _a0471168270 | ||
| 020 | _a9780471168270 | ||
| 040 |
_aDLC _cDLC _dDLC _dEG-ScBUE _beng |
||
| 082 | 0 | 4 |
_a620 _222 _bHEI |
| 100 | 1 |
_aHeisler, Sanford I. _927619 |
|
| 245 | 1 | 4 |
_aThe Wiley engineer's desk reference : _ba concise guide for the professional engineer / _cSanford I. Heisler. |
| 246 | 3 | 0 | _aEngineer's desk reference |
| 250 | _a2nd ed. | ||
| 260 |
_aNew York : _bJohn Wiley & Sons, _cc.1998. |
||
| 300 |
_axix, 690 p. : _bill. ; _c25 cm. |
||
| 504 | _aIncludes bibliographical references and index. | ||
| 650 | 7 |
_aEngineering _xHandbooks, manuals, etc. _927620 _2BUEsh |
|
| 651 | _2BUEsh | ||
| 653 |
_bGGEN _bENGGEN _cOctober2011 _cJanuary2018 |
||
| 710 | 2 |
_aJohn Wiley & Sons. _927621 |
|
| 942 | _2ddc | ||
| 999 |
_c16167 _d16167 |
||